Loading...
| Science - Biology | 0 | 4 | 0 | 2 | 40 | 10 | 93.50 | 0 | 4 | 0.00 | 0.00 |
| Science - Physics | 0 | 3 | 1 | 1 | 25 | 107 | 112.67 | 1 | 3 | 0.00 | 0.00 |
| Science - Other | 1 | 1 | 0 | 1 | 25 | 45 | 85.50 | 1 | 2 | 0.00 | 0.00 |
| Fine Arts - Painting and Sculpture | 0 | 2 | 0 | 1 | 20 | 138 | 145.50 | 0 | 1 | 0.00 | 0.00 |
| Science - Chemistry | 0 | 2 | 1 | 0 | 15 | 118 | 127.00 | 0 | 2 | 0.00 | 0.00 |
| Religion | 0 | 1 | 0 | 0 | 10 | 137 | 137.00 | 0 | 0 | 0.00 | 0.00 |
| Current Events | 0 | 1 | 0 | 1 | 10 | 130 | 130.00 | 0 | 1 | 0.00 | 0.00 |
| History - American | 1 | 0 | 1 | 0 | 10 | 57 | 57.00 | 0 | 1 | 0.00 | 0.00 |
| Literature - Long Fiction | 0 | 1 | 0 | 1 | 10 | 155 | 155.00 | 0 | 0 | 0.00 | 0.00 |
| Other Academic | 0 | 1 | 0 | 0 | 10 | 77 | 77.00 | 1 | 1 | 0.00 | 0.00 |
| Philosophy | 0 | 1 | 0 | 0 | 10 | 133 | 133.00 | 0 | 1 | 0.00 | 0.00 |
| Science - Math | 0 | 1 | 0 | 1 | 10 | 148 | 148.00 | 0 | 1 | 0.00 | 0.00 |
| Fine Arts - Other | 0 | 0 | 0 | 0 | 0 | 0.00 | 0 | 0 | 0.00 | 0.00 | |
| Mythology | 0 | 0 | 0 | 0 | 0 | 0.00 | 0 | 0 | 0.00 | 0.00 | |
| Social Science | 0 | 0 | 1 | 0 | -5 | 0.00 | 0 | 0 | 0.00 | 0.00 | |
| History - Other | 0 | 0 | 1 | 0 | -5 | 0.00 | 0 | 0 | 0.00 | 0.00 |